Master guide to income tax : (Record no. 104432)

MARC details
000 -LEADER
fixed length control field 00624nam a22001937a 4500
005 - DATE AND TIME OF LATEST TRANSACTION
control field 20161110122931.0
010 ## - LCCN (DPL NO)
LC control number ENG-116411
020 ## - INTERNATIONAL STANDARD BOOK NUMBER
International Standard Book Number 9789351438236
Terms of availability 995.00
035 ## - SYSTEM CONTROL NUMBER
System control number EN-99943
037 ## - SOURCE OF ACQUISITION
Source of stock number/acquisition DBAD/PUB
082 ## - DEWEY DECIMAL CLASSIFICATION NUMBER
Classification number 343.54052
100 ## - MAIN ENTRY--PERSONAL NAME
Personal name Suresh,TG
245 ## - TITLE STATEMENT
Title Master guide to income tax :
Remainder of title including commentary on the finance act, 2016 /
Statement of responsibility, etc by TG Suresh
250 ## - EDITION STATEMENT
Edition statement 3rd ed
260 ## - PUBLICATION, DISTRIBUTION, ETC. (IMPRINT)
Place of publication, distribution, etc Gurgaon
Name of publisher, distributor, etc Lexis Nexis
Date of publication, distribution, etc 2016
270 ## - ADDRESS
Address 14th Floor, Building No.10, Tower-B, DLF Cyber City, Phase-II
City Gurgaon
Postal code 122002
300 ## - PHYSICAL DESCRIPTION
Extent Ixiii,1001p.
Dimensions 24cm(pbk)
942 ## - ADDED ENTRY ELEMENTS (KOHA)
Source of classification or shelving scheme Dewey Decimal Classification
Item type English Books
Call number suffix SUR
Classification part 343.54052
Holdings
Withdrawn status Lost status Not for loan Collection code Home library Current library Date acquired Source of acquisition Cost, normal purchase price Full call number Barcode Copy number Cost, replacement price Koha item type
    Not For Loan Non-fiction D.B.Act.Division Bawana 03/11/2016 DBAD/PUB 995.00 343.54052 SUR EN-99943 1 995.00 English Books

© Delhi Public Library
Hit Counter
free hit counter